000 00674cab a2200241 4500
001 WB3041-35
008 090401t1994 xxu||||| |||| 00| 0 eng d
035 _a(Sirsi) u26582
041 _aeng
245 _aTurkey: finance & industry
260 _c1994
300 _aLOAN
350 _a0
490 _aFinancial Times
_v3 November 1994, (4)
520 _aAn FT survey highlighting Turkish finance and industry, including free-market reform, the economy, privatisation and commercial law.
650 _aCOMMERCIAL LAW
650 _aEUROPEAN UNION
650 _aISTANBUL
650 _aTURKEY
690 _aOVERSEAS-EUROPE
942 _n0
948 _c04/03/1997
999 _c17876
_d17876